|
|
|
|
| LEADER |
01205naa a2200397 a 4500 |
| 001 |
000029913 |
| 003 |
SVKKK |
| 005 |
00000000000000.0 |
| 008 |
c1966 xo e sloo |
| FMT |
|
|
|
| 038 |
|
|
|a SVKKK
|
| 040 |
|
|
|a SVKKK
|b slo
|e AACR2
|
| 041 |
0 |
|
|a slo
|b ger
|
| 044 |
|
|
|a xo
|c SK
|
| 080 |
|
|
|a 669"639
|2 1981
|
| 090 |
|
|
|a II 153165
|
| 100 |
1 |
|
|a Lamiová, M.
|4 aut
|
| 245 |
1 |
0 |
|a Obdobie sťahovania národov
|c Lamiová M.,
|
| 260 |
|
|
|a Košice :
|b Východoslovenské vydavateľstvo,
|c 1966
|
| 300 |
|
|
|b Obr.,
|
| 504 |
|
|
|a Res. nem., rus., lit
|
| 520 |
2 |
|
|b Sídliskové nálezy z obdobia sťahovania národov (Prešov, Blažice) sú skromné na kovové artefakty (železné nožíky). Vytrácajú sa pamiatky cudzieho pôvodu. Hrobové nálezy patria príslušníkom dobyvateľských kmeňov (Čaňa, Kapušany, Košice).
|
| 650 |
0 |
4 |
|a industria bronzová
|
| 650 |
0 |
4 |
|a industria železná
|
| 773 |
0 |
|
|t Pravek východného Slovenska
|g S. 206-210
|
| 957 |
|
|
|a Blažice
|
| 957 |
|
|
|a Kapušany
|
| 957 |
|
|
|a Košice
|
| 957 |
|
|
|a Prešov
|
| 957 |
|
|
|a Čaňa
|
| 958 |
|
|
|a KL
|
| 974 |
|
|
|d 021022
|a 244
|
| 992 |
|
|
|a RZB
|
| BAS |
|
|
|
| 852 |
|
|
|a SVKKK
|b BIB
|
| 998 |
|
|
|a HUT
|